000 00289nam a2200121Ia 4500
008 241002s9999 xx 000 0 und d
082 _a153.35 ROB
100 _aRobinson, James Harvey
245 4 _aThe Mind in The Making
260 _aLondon:
_c1949
600 _aPhilosophy
942 _cUC
999 _c18879
_d18879